000 00589nam a2200229Ia 4500
003 OSt
005 20220928145330.0
006 a|||||r|||| 00| 0
007 ta
008 220927b |||||||| |||| 00| 0 eng d
024 _a80247
037 _cTextual
040 _aSDCL
_cSDCL
_beng
041 _2eng
_aeng
082 _aG116:8, M8
100 _aBeebee Trevor
_9512643
245 0 _aGene structure and transcription.
260 _c1988
700 _a Burke Julian
_9512644
942 _hG116:8, M8
_cTEXL
_2CC
999 _c833288
_d833288